000 00630cam a2200217 4500500
005 20260405002045.0
041 _afre
042 _adc
100 1 0 _aLequin, Mathilde
_eauthor
245 0 0 _aLa passion de l’égalité
260 _c2015.
500 _a19
690 _aDubet
690 _aFrançois Dubet
690 _aInégalité
690 _aPatrick Savidan
690 _aRaffaele Simone
690 _aTocqueville
786 0 _nPhilosophie magazine | 92 | 9 | 2015-09-01 | p. 54-55 | 1951-1787
856 4 1 _uhttps://shs.cairn.info/magazine-philosophie-magazine-2015-9-page-54?lang=fr&redirect-ssocas=7080
999 _c2053788
_d2053788